| 000 | 01024nam a2200229 4500 | ||
|---|---|---|---|
| 001 | 3593155 | ||
| 005 | 19700601000000.0 | ||
| 008 | 700518s1970 nyuach | 001 0aeng d | ||
| 010 | _a 68012660 | ||
| 040 |
_aDLC _cDLC _dDLC |
||
| 050 | 0 | 0 |
_aTL781.85.G6 _bA34 |
| 082 | 0 | 0 |
_a629.4/0924 _bGOD |
| 100 | 1 |
_aGoddard, Robert Hutchings, _d1882-1945. _910285 |
|
| 245 | 0 | 4 |
_aThe papers of Robert H. Goddard: _bIncluding the reports to the Smithsonian Institution and the Daniel and Florence Guggenheim Foundation/ _cEsther C. Goddard, editor. G. Edward Pendray, associate editor |
| 260 |
_aNew York: _bMcGraw-Hill, _c1970 |
||
| 300 |
_a559 p.: _bill.; _c25 cm. |
||
| 500 | _a"Sponsored by the Daniel and Florence Guggenheim Foundation." | ||
| 505 | 0 | _av. 1. 1898-1924 | |
| 600 | 1 | 0 |
_aGoddard, Robert Hutchings, _d1882-1945. _910286 |
| 942 |
_2ddc _cBB _k629.40924 GOD |
||
| 999 |
_c13117 _d13117 |
||